Europe : On A Shoestring 40 Countries... (Record no. 12580)
[ view plain ]
| 000 -LEADER | |
|---|---|
| fixed length control field | 00488nam a2200181Ia 4500 |
| 008 - FIXED-LENGTH DATA ELEMENTS--GENERAL INFORMATION | |
| fixed length control field | 220803s9999 xx 000 0 und d |
| 020 ## - INTERNATIONAL STANDARD BOOK NUMBER | |
| International Standard Book Number | 1-86450-150-2 |
| 041 ## - LANGUAGE CODE | |
| Language code of text/sound track or separate title | eng |
| 082 ## - DEWEY DECIMAL CLASSIFICATION NUMBER | |
| Classification number | 722 AUS/BAI |
| 100 ## - MAIN ENTRY--PERSONAL NAME | |
| Personal name | Austin J |
| 9 (RLIN) | 17999 |
| 245 ## - TITLE STATEMENT | |
| Title | Europe : On A Shoestring 40 Countries... |
| 250 ## - EDITION STATEMENT | |
| Edition statement | 2nd |
| 260 ## - PUBLICATION, DISTRIBUTION, ETC. (IMPRINT) | |
| Place of publication, distribution, etc. | Melbourne |
| Name of publisher, distributor, etc. | Lonely Planet Pub. |
| Date of publication, distribution, etc. | 2001 |
| 300 ## - PHYSICAL DESCRIPTION | |
| Extent | 1296p |
| 500 ## - GENERAL NOTE | |
| Keywords | Architecture |
| 650 ## - SUBJECT ADDED ENTRY--TOPICAL TERM | |
| Topical term or geographic name as entry element | History General Reference |
| 9 (RLIN) | 18000 |
| 700 ## - ADDED ENTRY--PERSONAL NAME | |
| Personal name | Bain C Bedford N |
| 9 (RLIN) | 18001 |
| Withdrawn status | Lost status | Damaged status | Not for loan | Collection code | Home library | Current library | Shelving location | Date acquired | Vendor | Cost, normal purchase price | Total Checkouts | Full call number | Barcode | Date last seen | Cost, replacement price | Bill Date | Koha item type | Original Barcode |
|---|---|---|---|---|---|---|---|---|---|---|---|---|---|---|---|---|---|---|
| Book of B Arch | Dr. Bhanuben Nanavati College of Architecture | Dr. Bhanuben Nanavati College of Architecture | 24/05/2006 | Cross Word | 799.00 | 720.93 AUS/BAI | BNCA-BK-5026 | 03/08/2022 | 999.00 | 24/05/2006 | Books | B005026 |